| 000 | 00822nam a22002297a 4500 | ||
|---|---|---|---|
| 999 |
_c18082 _d18082 |
||
| 003 | AR-CdUCM | ||
| 008 | 190511b ||||| |||| 00| 0 spa d | ||
| 040 |
_aMUNICIPALIDAD PROVINCIAL DEL CUSCO _cBIBLIOTECA MUNICIPAL DEL CUSCO |
||
| 082 |
_a959.7 / _bV25 |
||
| 100 |
_aVan Chi, Hoang _938456 |
||
| 245 | _aVietnam norte del colonialismo al comunismo / | ||
| 260 |
_aBuenos Aires : _bSur, _c1965. |
||
| 300 |
_a289 páginas ; _c24 cm. |
||
| 440 |
_aColección tercer mundo _94745 |
||
| 650 |
_aReforma agraria _91861 |
||
| 650 |
_aReforma del pensamiento _938457 |
||
| 650 |
_aComunismo _9495 |
||
| 700 |
_aBixio, Roberto _938458 |
||
| 942 |
_2ddc _cLIBROS |
||
| 945 | _arcc | ||